Central Library OPAC University of Rajshahi

Scottish folk-tales and legends / (Record no. 6247)

MARC details
000 -LEADER
fixed length control field 00871mam a2200277 a 4500
001 - CONTROL NUMBER
control field 6247
003 - CONTROL NUMBER IDENTIFIER
rucl marc code BD-RjUL
005 - DATE AND TIME OF LATEST TRANSACTION
control field 20211208234219.0
008 - FIXED-LENGTH DATA ELEMENTS--GENERAL INFORMATION
fixed length control field 140109s19631954enkaf j 000 0 eng d
035 ## - SYSTEM CONTROL NUMBER
System control number (OCoLC)59004533
System control number (OCoLC)ocm59004533
System control number (BD-RjUL)6287
System control number (NNC)2403637
040 ## - CATALOGING SOURCE
Original cataloging agency MnU
Language of cataloging eng
Transcribing agency CaOTULAS
Modifying agency CSmH
-- NNC
-- BD-RjUL
041 ## - LANGUAGE CODE
Language code of text/sound track or separate title eng
082 00 - DEWEY DECIMAL CLASSIFICATION NUMBER
Classification number 398.20941
Author mark and year WIS 1969
Edition number 23
090 ## - LOCALLY ASSIGNED LC-TYPE CALL NUMBER (OCLC); LOCAL CALL NUMBER (OCLC)
Classification number (OCLC) (R) ; Classification number, CALL (RLIN) (NR) GR144
Local cutter number (OCLC) ; Book number/undivided call number, CALL (RLIN) .W54 1954
100 1# - MAIN ENTRY--PERSONAL NAME
Personal name Wilson, Barbara Ker,
Dates associated with a name 1929-
9 (RLIN) 19644
245 10 - TITLE STATEMENT
Title Scottish folk-tales and legends /
Statement of responsibility, etc. retold by Barbara Ker Wilson ; illustrated by Joan Kiddell-Monroe.
260 ## - PUBLICATION, DISTRIBUTION, ETC. (IMPRINT)
Place of publication, distribution, etc. London :
Name of publisher, distributor, etc. Oxford University Press,
Date of publication, distribution, etc. 1954 [Reprinted 1969].
300 ## - PHYSICAL DESCRIPTION
Pagination xi, 207 p. :
Illustrations ill. ;
Size 23 cm.
650 #0 - SUBJECT ADDED ENTRY--TOPICAL TERM
Topical term or geographic name as entry element Tales
Geographic subdivision Scotland.
9 (RLIN) 19645
Topical term or geographic name as entry element Legends
Geographic subdivision Scotland.
9 (RLIN) 19646
942 ## - ADDED ENTRY ELEMENTS (KOHA)
Source of classification or shelving scheme Dewey Decimal Classification
Koha item type Books
Holdings
Lost status Source of classification or shelving scheme Damaged status Not for loan Collection code Permanent Location Current Location Date acquired Source of acquisition Cost, normal purchase price Total Checkouts Full call number Date last seen Copy number Koha item type Shelving location
  Dewey Decimal Classification   Not For Loan Non-fiction Central Library, University of Rajshahi Central Library, University of Rajshahi 15/06/1968 Sweets and Zeitlinger. 18.60   398.20941 WIS 1969 09/01/2014 C-1 Books  
  Dewey Decimal Classification     Non-fiction Central Library, University of Rajshahi Central Library, University of Rajshahi 30/01/1971 Zeitlinger 18.60   398.20941 WIS 1969 24/08/2016 C-2 Books  
  Dewey Decimal Classification     Non-fiction Central Library, University of Rajshahi Central Library, University of Rajshahi 15/06/1968 Zeitlinger 18.60   398.20941 WIS 1969 24/08/2016 C-3 Books